| Поле | Инд. | ПП | Название | Значение |
|---|---|---|---|---|
| Тип записи | a | |||
| Библиографический уровень | b | |||
| 001 | Контрольный номер | RU/IS/BASE/435936599 | ||
| 005 | Дата корректировки | 20220715140316.4 | ||
| 008 | Кодируемые данные | 20131024 | ||
| 040 | b | Код языка каталог. | rus | |
| e | Правила каталог. | PSBO | ||
| 041 | 0_ | a | Код языка текста | rus |
| 084 | a | Индекс другой классификации/Индекс ББК | 60.545(2Рос.Ады); 63.584(=521.313) | |
| 100 | 1_ | a | Автор | Шадже А. Ю. |
| q | Полное имя | Шадже Асиет Юсуфовна | ||
| 245 | 10 | a | Заглавие | Этногруппа курдов Адыгеи в парадигме "адаптация - интеграция" |
| 504 | a | Библиография | Библиогр. ссылки. - Примеч. | |
| 520 | 0_ | a | Аннотация | В статье осмысливается адаптация и интеграция курдов-переселенцев в полиэтнической Республике Адыгея. Выявлена специфика адаптации этногруппы курдов и аргументировано положение о необходимости конструирования позитивного образа курдов в полиэтничном обществе в целях сохранения межэтнического согласия и укрепления единства российской национальной идентичности. Делается вывод о необходимости проведения культурно-национальной политики, направленной на познание и понимание "другого", на взаимопонимание |
| 650 | 14 | a | Основная рубрика | социология |
| a | Основная рубрика | социология групп | ||
| a | Основная рубрика | этносоциология | ||
| 653 | 1_ | a | Ключевые слова | Адыгея |
| a | Ключевые слова | курды | ||
| a | Ключевые слова | межнациональное согласие | ||
| a | Ключевые слова | национальная идентичность | ||
| a | Ключевые слова | переселенцы | ||
| a | Ключевые слова | Россия | ||
| a | Ключевые слова | социальная адаптация | ||
| a | Ключевые слова | социальная интеграция | ||
| a | Ключевые слова | этнические группы | ||
| a | Ключевые слова | этнокультурная идентичность | ||
| 773 | 08 | t | Заглавие источника | Социально-гуманитарные знания |
| d | Дата издания источника | 2013 | ||
| g | Прочая информация | № 4. - С. 285 - 296 | ||
| w | Контрольный № источника | RU/IS/BASE/431778075 | ||
| 901 | t | Тип документа | b |